| 000 | 00814nam a22002657a 4500 | ||
|---|---|---|---|
| 999 |
_c3587 _d3587 |
||
| 001 | 12125 | ||
| 003 | BD-DhUAP | ||
| 005 | 20200309125554.0 | ||
| 008 | 200309r20072003ii a|||| b||| 001 0 eng d | ||
| 020 | _a8126508337 | ||
| 020 | _a9788126508334 | ||
| 040 |
_aBD-DhUAP _bEng _cBD-DhUAP _dBD-DhUAP |
||
| 082 |
_223 _a621.3825 PRA |
||
| 100 | _a Pratt, Timothy. | ||
| 245 |
_aSatellite communications / _cTimothy Pratt, Charles W. Bostian; and Jeremy E. Allnutt. |
||
| 250 | _a2nd ed. | ||
| 260 |
_aIndia : _bWiley, _cc2003 [Reprinted 2007]. |
||
| 300 |
_axix, 536 pages : _billustrations ; _c25 cm. |
||
| 500 | _aIncludes index. | ||
| 650 | _aArtificial satellites in telecommunication. | ||
| 650 | _aTelecommunication. | ||
| 700 | _aBostian, Charles W. | ||
| 700 | _aAllnutt, Jeremy E. | ||
| 942 |
_2ddc _cBK |
||